Diccionario de la lengua castellana

Gorde:
Xehetasun bibliografikoak
Egile nagusia: Oroz Scheibe, Rodolfo (autor)
Formatua: Liburua
Hizkuntza:gaztelania
Argitaratua: Santiago Universitaria 1964
Edizioa:2a. ed
Gaiak:
Etiketak: Etiketa erantsi
Etiketarik gabe, Izan zaitez lehena erregistro honi etiketa jartzen!

MARC

LEADER 00000nam a2200000 a 4500
001 UCT6923
003 CL-VaPUC
008 970113e19640000CL |||||||||||||||||spa|d
082 0 4 |a 463  |b ORO  |2 21 
100 |a Oroz Scheibe, Rodolfo  |e autor  |9 316404 
245 1 0 |a Diccionario de la lengua castellana 
250 |a 2a. ed 
300 |a 725 p 
942 |c BK 
945 |d 19970113 00:00:00  |a paguirre 
260 |a Santiago  |b Universitaria  |c 1964 
650 0 |a Diccionarios  |9 256200 
650 0 |a Español  |9 255372 
650 7 |a TERMINOLOGIA  |2 CL-VaPUC  |9 254881 
650 0 |a Vocabularios  |9 316229 
583 |a last modification  |c 19970113 00:00:00  |k Rodrigo Vera 
999 |c 255592  |d 255590 
952 |0 0  |1 0  |4 0  |6 463_000000000000000_ORO_1964  |7 0  |8 F  |9 277902  |a BIBDER  |b BIBDER  |d 2019-11-19  |i 1804316  |o 463 ORO 1964  |p 1804316  |r 2023-01-25  |w 2019-11-19  |y BK_F  |k DER